000 00273nam a22001097a 4500
999 _c65295
_d65292
082 _a297.322 ت ن ز
100 _aڈاکٹر تنزیل الرحمان
245 _aمجموعہ قوانین اسلام
260 _aاسلام اباد
300 _aI R P
942 _cBK